Bilecik Bilecik Bilecik Bilecik Bilecik

Yabancı ülke özel güvenlik kanunları. (Record no. 61696)

MARC details
000 -BAŞLIK
Sabit Uzunluktaki Kontrol Alanı 00910nam a22003017a 4500
001 - KONTROL NUMARASI
Control Dosyası 0061899
003 - KONTROL NUMARASI KİMLİĞİ
Kontrol Alanı KOHA_MİRAKIL
005 - EN SON İŞLEM TARİHİ ve ZAMANI
Kontrol Alanı 20260207004354.0
007 - FİZİKSEL TANIM SABİT ALAN - GENEL BİLGİ
Sabit uzunluklu kontrol alanı ta
008 - SABİT UZUNLUKTAKİ VERİ ÖGELERİ - GENEL BİLGİ
Sabit Alan 180209b2017 tu |||gr||||#||||0|tur |
020 ## - ISBN - ULUSLARARASI STANDART KİTAP NUMARASI
Isbn 9786054619757
Nitelik bilgileri c.1
-- 9786054619764
-- c.2
040 ## - KATALOGLAMA KAYNAĞI
Özgün Kataloglama Kurumu TR-BiSEU
Kataloglama Dili tur
Çeviri Kurumu TR-BiSEU
Açıklama Kuralları rda
041 0# - DİL KODU
Metin ya da ses kaydının dil kodu tur
044 ## - YAYINLAYAN/ÜRETEN KURULUŞUN ÜLKE KODU
ISO country code tu
050 ## - SINIFLAMA ve YER NUMARASI
Sınıflama Numarası KZ6418.5
Yer Numarası .Y33 2017
245 0# - ESER ADI BİLDİRİMİ
Başlık Yabancı ülke özel güvenlik kanunları.
246 ## - DEĞİŞİK BAŞLIK FORMU
Başlık uygun / kısa başlık Yabancı ülke özel güvenlik kanunları-1
250 ## - BASIM BİLDİRİMİ
Basım Bildirimi 1. Baskı
264 #1 - ÜRERİM, YAYIN, DAĞITIM ve TELİF BİLDİRİMİ
Yayın yeri Ankara :
Yayınlayan Polis Akademisi Yayınları
Yayın tarihi 2017
300 ## - FİZİKSEL TANIMLAMA
Sayfa, Cilt vb. 2 c.; 25 cm.
336 ## - İÇERİK TÜRÜ
Content type term metin
Content type code txt
Source rdacontent
337 ## - MEDYA TÜRÜ
Media type term aracısız
Media type code n
Source rdamedia
338 ## - TAŞIYICI TÜRÜ
Carrier type term cilt
Carrier type code nc
Source rdacarrier
490 1# - DİZİ BİLDİRİMİ
Dizi Bildirimi Polis Akademisi Yayınları ;
Cilt Numarası 36.
650 #0 - KONU BAŞLIĞI EK GİRİŞ - KONU TERİMİ
Konusal terim veya coğrafi ad Özel güvenlik kanunları.
9 (RLIN) 114887
830 1# - SERİ EK GİRİŞİ - TEKBİÇİM ESER ADI
Tekbiçim Başlık Polis Akademisi Yayınları ;
Volume number/sequential designation 36.
9 (RLIN) 55619
942 ## - EK GİRİŞ ÖGELERİ (KOHA)
Source of classification or shelving scheme Library of Congress Classification
Koha item type Book
Holdings
Materyal Türü Kalıcı Konum Mevcut Konum Raf Yeri Sınıflandırma Kaynağı Edinim Bilgisi Ana Konular Alt Konular Yer Numarası Cilt Bilgisi Demirbaş Numarası Fatura Tarihi Geri Çekilme Durumu Kayıp Durumu Hasarlı Durumu Kredi için değil Kayıt Tarih Toplam Ödünçverme Son Görülme Tarihi Son Kontrol Tarihi Genel / Bağış Notu
Book Prof. Dr. Azmi Özcan Kütüphanesi Prof. Dr. Azmi Özcan Kütüphanesi Uluğbey Salonu Library of Congress Classification Bağış HUKUK Devletler Hukuku (Uluslararası Hukuk) KZ6418.5 .Y33 2017 c.1 0061899 02/02/2026         09/02/2018   05/12/2024 05/12/2024 Genel Bağış
Book Prof. Dr. Azmi Özcan Kütüphanesi Prof. Dr. Azmi Özcan Kütüphanesi Uluğbey Salonu Library of Congress Classification Bağış HUKUK Devletler Hukuku (Uluslararası Hukuk) KZ6418.5 .Y33 2017 c.2 0061900 02/02/2026         09/02/2018   05/12/2024 05/12/2024 Genel Bağış